LEADER 01131nam a2200241 i 4500 001 000000112726 003 CaOOAMICUS 005 20030227000000.0 008 030227s1996 it u000 u ita u 013 $a85410 040 $aSeMil$bita 245 10$aAgostino vescovo, 395-1995 /$ca cura dell' Associazione Storico-Culturale S. Agostino di Cassago Brianza. 260 $a[S.l. :$bs.n.],$cstampa 1996$e(Oggiono (Lc) :$fGrafiche Riga,$gstampa 1996) 300 $a254 p. :$bill. ;$c24 cm. 500 $aPubblicato in occasione del 16. centenario della ordinazione episcopale di Sant'Agostino. - Fondo Card. C.M. Martini. 600 04$aAgostino, Aurelio .$0(OLS)http://semarc/subject/1856 710 2 $aAssociazione storico-culturale "S. Agostino" .$0(OLS)http://semarc/name/15399 850 $aSeMil 852 $aSeMil$W1$xVenegono$y1$m2S IV 108$j68446$B68446$CSeMilBibl$Z2$F85340 $81 941 1 $a4 961 $aOmaggio: Martini Card. Carlo Maria 996 $6245$aAgostino vescovo, 395-1995$9(OLS)http://semarc/title/164383 996 $6260$a[S.l. :$bs.n.]$9(OLS)http://semarc/publisher/29751 LEADER 00623nam a2200181 i 4500 001 000000103098 003 CaOOAMICUS 005 20260408093440.0 008 010914s1990 it u000 u ita u 040 $aSeMil$bita 245 10$a15: Q-Ria. 300 $a1020 p. 773 0 $aBattaglia, Salvatore <1904-1971>$tGrande dizionario della lingua italiana.$dTorino : UTET, 1961-2009.$g15$w()6614 850 $aSeMil 852 $aSeMil$W1$xVenegono$y1$mSL1.A V 15$j269838$B59559$CSeMilBibl$Z2$F44048 $8I 961 $aSottoscrizione: UTET (Agente) 996 $6245$a15: Q-Ria$9(OLS)http://semarc/title/149838